Operacionnyje sistemy specializirovannych vyčislitel'nych kompleksov Teorija postrojenija i sistemnogo projektirovanija

Na minha lista:
Detalhes bibliográficos
Formato: Livro
Idioma:russo
Publicado em: Moskva Mašinostrojenije 1989
Edição:1. izd.
Tags: Adicionar Tag
Sem tags, seja o primeiro a adicionar uma tag!

MARC

LEADER 00000nam a2200000 4500
001 c033171
005 20260202074553.9
041 0 |a rus 
044 |a RU 
245 1 0 |a Operacionnyje sistemy specializirovannych vyčislitel'nych kompleksov  |b Teorija postrojenija i sistemnogo projektirovanija  |c Stanislav Viktorovič Nazarov 
250 |a 1. izd. 
264 1 |a Moskva  |b Mašinostrojenije  |c 1989 
300 |a 399 s.